| 000 | 00543nam a2200205Ia 4500 | ||
|---|---|---|---|
| 005 | 20260429112049.0 | ||
| 008 | 260429s9999||||xx |||||||||||||| ||und|| | ||
| 020 | _a9781836594925 | ||
| 041 | _aEnglish | ||
| 082 |
_a510.954 _bJOS |
||
| 100 | _aJoseph, Peter | ||
| 245 | 0 |
_aHistory of Vedic mathematics / _cPeter Joseph |
|
| 250 | _a1st ed. | ||
| 260 |
_aWaltham Abbey Essesx : _bChapman Press, _c2026. |
||
| 300 | _ax, 262 p.; hb | ||
| 650 | _a India | ||
| 650 | _a Mathematics-History | ||
| 650 | _aVedic mathematics | ||
| 942 | _cTB | ||
| 999 |
_c52160 _d52160 |
||